000 00364nam a2200145Ia 4500
008 230917s9999||||xx |||||||||||||| ||und||
040 _e64650
_aMAIN
041 _aEnglish
082 _a300.72 B846Q
100 _aBryman, Alan
245 0 _aQuantity and quality in social research
260 _aLondon
_bUnwin Hyman
_c1988
300 _aviii, 198 p.
942 _cBK
999 _c63942
_d63942